| 000 | 00599ntaaa2200193 4500 | ||
|---|---|---|---|
| 003 | 01 | ||
| 005 | 20251027201408.0 | ||
| 008 | 0714s1973 ag 01 | ||
| 040 |
_aAR-BaBN _bspa _cAR-BaBN _eaacr _dRIC |
||
| 082 | _a225.8230 W72 | ||
| 100 |
_aWindisch, Hans _912441 |
||
| 245 | _aMeaning of the Sermon on the Mount | ||
| 250 |
_a1 ed. : _bWestminster, _cc1951 |
||
| 300 | _a224 p. | ||
| 500 | _a"A contribution to the historical understanding of the Gospels and to the problem of their true exegesis." | ||
| 650 |
_aTeología Bíblica _9313 |
||
| 650 |
_aNuevo Testamento-Teología _95624 |
||
| 942 | _cBK | ||
| 999 |
_c8489 _d8489 |
||